[Event "Budapest FS06 FM-C"]
[Site "Budapest"]
[Date "2009.06.09"]
[Round "4"]
[White "Farkas, Richard"]
[Black "Dobos, Otto"]
[Result "0-1"]
[WhiteElo "1709"]
[BlackElo "1699"]
[PlyCount "68"]
[EventDate "2009.06.06"]
[EventType "tourn"]
[EventRounds "11"]
[EventCountry "HUN"]
[SourceTitle "CBM 130 Extra"]
[Source "ChessBase"]
[SourceDate "2009.07.02"]
[SourceVersion "2"]
[SourceVersionDate "2009.07.15"]
[SourceQuality "1"]

1. e4 e5 2. Nf3 Nc6 3. Bb5 Nd4 4. Nxd4 exd4 5. 0-0 Qg5 6. d3 Qxb5 7. e5 Ne7 8. f4 g6 9. Nd2 Bg7 10. Ne4 0-0 11. Qf3 Qc6 12. c3 dxc3 13. bxc3 d5 14. exd6 cxd6 15. Ba3 Rd8 16. d4 f5 17. Nd2 Qxf3 18. Rxf3 Nd5 19. Nc4 Nxc3 20. Kh1 Ne4 21. Rd1 b5 22. Na5 Rd7 23. d5 Ba6 24. Bb4 Re8 25. Rc1 Bb7 26. Rd1 Rc8 27. Kg1 Ba8 28. Re3 Rc2 29. a3 Bf6 30. Nb3 Kf7 31. g4 Nf2 32. Rde1 Nxg4 33. Rh3 h5 34. Rd1 Nf2 0-1

[Event "Budapest FS06 FM-C"]
[Site "Budapest"]
[Date "2009.06.08"]
[Round "3"]
[White "Papp, Jozsef1111"]
[Black "Dobos, Otto"]
[Result "1/2-1/2"]
[WhiteElo "1855"]
[BlackElo "1699"]
[PlyCount "50"]
[EventDate "2009.06.06"]
[EventType "tourn"]
[EventRounds "11"]
[EventCountry "HUN"]
[SourceTitle "CBM 130 Extra"]
[Source "ChessBase"]
[SourceDate "2009.07.02"]
[SourceVersion "2"]
[SourceVersionDate "2009.07.15"]
[SourceQuality "1"]

1. Nf3 d5 2. d4 Nf6 3. h3 e6 4. a3 Be7 5. e3 0-0 6. Bd3 c5 7. b3 a6 8. a4 Nc6 9. Bb2 Nb4 10. Be2 b6 11. 0-0 h6 12. Ne5 Qc7 13. c3 Nc6 14. f4 Ne4 15. Kh2 Bh4 16. Rf3 Bb7 17. Nd2 Nxe5 18. fxe5 f6 19. g3 Bxg3+ 20. Rxg3 Nxg3 21. Kxg3 fxe5 22. Kg2 Rf6 23. Qg1 Kh8 24. Kh1 exd4 25. cxd4 Raf8 1/2-1/2

[Event "Budapest FS02 FM-B"]
[Site "Budapest"]
[Date "2009.02.12"]
[Round "6"]
[White "Molnar, Marton"]
[Black "Dobos, Otto"]
[Result "1-0"]
[WhiteElo "1947"]
[BlackElo "1724"]
[PlyCount "66"]
[EventDate "2009.02.07"]
[EventType "tourn"]
[EventRounds "9"]
[EventCountry "HUN"]
[SourceTitle "CBM 128 Extra"]
[Source "ChessBase"]
[SourceDate "2009.03.05"]
[SourceVersion "2"]
[SourceVersionDate "2009.03.25"]
[SourceQuality "1"]

1. c4 c5 2. Nf3 Nf6 3. g3 g6 4. Bg2 Bg7 5. Nc3 0-0 6. 0-0 Nc6 7. d3 d6 8. Rb1 Rb8 9. a3 Bd7 10. Bd2 b6 11. b4 Qc8 12. Re1 Ne5 13. Nxe5 dxe5 14. b5 h6 15. a4 Kh7 16. Qc1 a5 17. bxa6 Qxa6 18. Qb2 Ng8 19. a5 bxa5 20. Qxb8 Rxb8 21. Rxb8 a4 22. Ra8 Qd6 23. Ne4 Qb6 24. Be3 Qb3 25. Nxc5 Qb4 26. Rc1 Nf6 27. Nxd7 Nxd7 28. c5 Qb2 29. c6 Nb6 30. c7 f5 31. Bxb6 Qxc1+ 32. Bf1 g5 33. c8Q Qb2 1-0

[Event "Budapest FS02 FM-B"]
[Site "Budapest"]
[Date "2009.02.10"]
[Round "4"]
[White "Egri, Laszlo Jr"]
[Black "Dobos, Otto"]
[Result "1/2-1/2"]
[WhiteElo "1842"]
[BlackElo "1724"]
[PlyCount "144"]
[EventDate "2009.02.07"]
[EventType "tourn"]
[EventRounds "9"]
[EventCountry "HUN"]
[SourceTitle "CBM 128 Extra"]
[Source "ChessBase"]
[SourceDate "2009.03.05"]
[SourceVersion "2"]
[SourceVersionDate "2009.03.25"]
[SourceQuality "1"]

1. e4 e5 2. Nf3 d6 3. d4 exd4 4. Nxd4 Nf6 5. Nc3 Be7 6. f3 0-0 7. Be3 a6 8. Qd2 b5 9. 0-0-0 c5 10. Nb3 Be6 11. Bf4 b4 12. Nb1 c4 13. Nd4 c3 14. bxc3 bxc3 15. Nxc3 Qa5 16. Nxe6 Qa3+ 17. Kb1 Qb4+ 18. Ka1 fxe6 19. Rb1 Qc5 20. Be3 Qc7 21. Na4 Nbd7 22. Bd3 Kh8 23. Qc3 Nc5 24. Qc4 d5 25. exd5 exd5 26. Qc3 Nfd7 27. Bd4 Rg8 28. Bf5 Qf4 29. Bxd7 Nxd7 30. Qe3 Qxe3 31. Bxe3 Bf6+ 32. c3 Rac8 33. Rbd1 Bxc3+ 34. Nxc3 Rxc3 35. Rxd5 Rxe3 36. Rxd7 h6 37. Rhd1 Re2 38. R1d2 Re1+ 39. Kb2 Rb8+ 40. Kc3 Ree8 41. Ra7 Rec8+ 42. Kd3 Rd8+ 43. Ke3 Rxd2 44. Kxd2 Rb2+ 45. Ke3 Rxa2 46. g4 Kh7 47. h4 a5 48. h5 a4 49. Kf4 a3 50. Kf5 Ra1 51. f4 a2 52. Ra6 Rb1 53. Rxa2 Rb5+ 54. Ke6 Rb6+ 55. Kd7 g6 56. hxg6+ Kxg6 57. Re2 Rb7+ 58. Kc6 Rf7 59. Re6+ Kh7 60. Re4 Rg7 61. f5 h5 62. gxh5 Kh6 63. Kd6 Kxh5 64. f6 Ra7 65. Re7 Ra6+ 66. Ke5 Kh6 67. Re6 Ra5+ 68. Kd6 Kg6 69. Ke7 Ra7+ 70. Ke8 Ra8+ 71. Kd7 Rf8 72. Ke7 Rf7+ 1/2-1/2

[Event "Budapest FS02 FM-B"]
[Site "Budapest"]
[Date "2009.02.08"]
[Round "2"]
[White "Mihajlova, Diana"]
[Black "Dobos, Otto"]
[Result "1/2-1/2"]
[WhiteElo "1552"]
[BlackElo "1724"]
[PlyCount "24"]
[EventDate "2009.02.07"]
[EventType "tourn"]
[EventRounds "9"]
[EventCountry "HUN"]
[SourceTitle "CBM 128 Extra"]
[Source "ChessBase"]
[SourceDate "2009.03.05"]
[SourceVersion "2"]
[SourceVersionDate "2009.03.25"]
[SourceQuality "1"]

1. e4 e5 2. Nf3 d6 3. d4 exd4 4. Qxd4 Nc6 5. Bb5 Bd7 6. Qc3 a6 7. Bc4 f6 8. Bxg8 Rxg8 9. Qb3 Rh8 10. Qxb7 Qb8 11. Qxb8+ Rxb8 12. Nc3 Nb4 1/2-1/2

[Event "Budapest FS12 FM-B"]
[Site "Budapest"]
[Date "2008.12.15"]
[Round "10"]
[White "Dobos, Otto"]
[Black "Mihajlova, Diana"]
[Result "1/2-1/2"]
[WhiteElo "1824"]
[BlackElo "1484"]
[PlyCount "20"]
[EventDate "2008.12.06"]
[EventType "tourn"]
[EventRounds "10"]
[EventCountry "HUN"]
[SourceTitle "CBM 127 Extra"]
[Source "ChessBase"]
[SourceDate "2009.01.08"]
[SourceVersion "2"]
[SourceVersionDate "2009.01.28"]
[SourceQuality "1"]

1. d4 Nf6 2. Nf3 d5 3. h3 g6 4. c3 Bg7 5. Bf4 Nbd7 6. Ne5 Nh5 7. Bh2 0-0 8. Nd2 e6 9. e4 Qg5 10. Nef3 Qd8 1/2-1/2

[Event "Budapest FS12 FM-B"]
[Site "Budapest"]
[Date "2008.12.06"]
[Round "1"]
[White "Dobos, Otto"]
[Black "Klein, Rafael"]
[Result "0-1"]
[WhiteElo "1824"]
[BlackElo "1784"]
[PlyCount "33"]
[EventDate "2008.12.06"]
[EventType "tourn"]
[EventRounds "10"]
[EventCountry "HUN"]
[SourceTitle "CBM 127 Extra"]
[Source "ChessBase"]
[SourceDate "2009.01.08"]
[SourceVersion "2"]
[SourceVersionDate "2009.01.28"]
[SourceQuality "1"]

1. d4 d6 2. Nf3 g6 3. c3 Bg7 4. Bf4 Nc6 5. e3 Bd7 6. Ng5 e5 7. Qb3 Nh6 8. Bc4 0-0 9. dxe5 Na5 10. Nxf7 Nxf7 11. Bxf7+ Rxf7 12. Qd5 dxe5 13. Bxe5 Bxe5 14. Qxa5 Qf6 15. 0-0 Bc6 16. f3 Qg5 17. e4 0-1

[Event "Budapest FS11 FM-B"]
[Site "Budapest"]
[Date "2008.11.04"]
[Round "1.4"]
[White "Dobos, Otto"]
[Black "Szabo, Miklos"]
[Result "1-0"]
[WhiteElo "1824"]
[BlackElo "1512"]
[PlyCount "83"]
[EventDate "2008.11.01"]
[EventType "tourn"]
[EventRounds "10"]
[EventCountry "HUN"]
[SourceTitle "EXT 2009"]
[Source "ChessBase"]
[SourceDate "2008.11.26"]
[SourceVersion "1"]
[SourceVersionDate "2008.11.26"]
[SourceQuality "1"]

1. d4 d5 2. Nf3 Nf6 3. c3 c6 4. Bf4 Qb6 5. Qc1 Bf5 6. Nbd2 Nbd7 7. h3 e6 8. e3 c5 9. Be2 Bd6 10. Ne5 0-0 11. g4 Bg6 12. h4 Nxe5 13. dxe5 Be4 14. Rg1 Bxe5 15. Bxe5 Nd7 16. Bh2 c4 17. Nxe4 dxe4 18. Bxc4 Rfd8 19. Qc2 Qc6 20. Be2 Nf6 21. Rd1 Rxd1+ 22. Qxd1 Qb6 23. Qb3 Qc6 24. Qb5 Qc8 25. c4 a6 26. Qe5 b5 27. g5 Nd7 28. Qxe4 f5 29. Qxe6+ Kh8 30. Qxf5 bxc4 31. Bf3 Ra7 32. Be4 g6 33. Be5+ Nxe5 34. Qxc8+ Kg7 35. Qc5 Nd3+ 36. Bxd3 Rb7 37. Bxc4 h5 38. Bxa6 Rd7 39. Bc4 Rb7 40. Qd5 Kf8 41. Qxb7 Ke8 42. Qc7 1-0

[Event "Budapest FS11 FM-B"]
[Site "Budapest"]
[Date "2008.11.02"]
[Round "1.2"]
[White "Dobos, Otto"]
[Black "Ngo Tan, Don"]
[Result "0-1"]
[WhiteElo "1824"]
[BlackElo "1709"]
[PlyCount "60"]
[EventDate "2008.11.01"]
[EventType "tourn"]
[EventRounds "10"]
[EventCountry "HUN"]
[SourceTitle "EXT 2009"]
[Source "ChessBase"]
[SourceDate "2008.11.26"]
[SourceVersion "1"]
[SourceVersionDate "2008.11.26"]
[SourceQuality "1"]

1. d4 Nf6 2. Nf3 g6 3. c3 Bg7 4. Bf4 0-0 5. e3 Nh5 6. Bg5 h6 7. Bh4 g5 8. Bg3 Nxg3 9. hxg3 d5 10. Bd3 Bg4 11. Qc2 Bxf3 12. gxf3 Nc6 13. Nd2 e5 14. 0-0-0 exd4 15. exd4 Rb8 16. Rh5 Qd6 17. Rdh1 b5 18. a3 a5 19. f4 g4 20. Qd1 Rfe8 21. Qxg4 Re6 22. Qf5 b4 23. Qxd5 bxc3 24. Nc4 cxb2+ 25. Kb1 Qxd5 26. Rxd5 Bxd4 27. f5 Re7 28. f6 Bxf6 29. Rxh6 Re1+ 30. Ka2 Ra1# 0-1

[Event "Budapest FS10 FM-B"]
[Site "Budapest"]
[Date "2008.10.07"]
[Round "4"]
[White "Mayer, Istvan"]
[Black "Dobos, Otto"]
[Result "1-0"]
[WhiteElo "2136"]
[BlackElo "1824"]
[PlyCount "83"]
[EventDate "2008.10.04"]
[EventType "tourn"]
[EventRounds "10"]
[EventCountry "HUN"]
[SourceTitle "EXT 2010"]
[Source "ChessBase"]
[SourceDate "2010.11.25"]
[SourceVersion "1"]
[SourceVersionDate "2010.11.25"]
[SourceQuality "1"]

1. e4 e5 2. Nf3 d6 3. d4 exd4 4. Nxd4 Be7 5. Nc3 Nf6 6. Be2 0-0 7. 0-0 Nc6 8. Nxc6 bxc6 9. Bf3 Bd7 10. Re1 Rb8 11. h3 Qc8 12. Qd3 c5 13. Rb1 Kh8 14. Bf4 Rb4 15. a3 Rb6 16. Bd2 Be6 17. Be2 Ng8 18. f4 f6 19. f5 Bf7 20. Nd5 Bxd5 21. exd5 Qd7 22. b4 Rfb8 23. b5 a6 24. c4 axb5 25. cxb5 Ra8 26. Bd1 c4 27. Qxc4 Rxa3 28. Re3 Rxe3 29. Bxe3 Rb8 30. g4 Bd8 31. Ba4 Ra8 32. Ra1 Qe7 33. Re1 Qf7 34. Bd4 Ne7 35. Re6 Nxd5 36. Qc6 Be7 37. Qxa8+ Bf8 38. Qxd5 h6 39. Bb3 c6 40. bxc6 h5 41. Rxf6 Qe7 42. Rh6# 1-0

[Event "Budapest FS10 FM-B"]
[Site "Budapest"]
[Date "2008.10.05"]
[Round "2"]
[White "Mohammad, Fahim"]
[Black "Dobos, Otto"]
[Result "1/2-1/2"]
[WhiteElo "1797"]
[BlackElo "1824"]
[PlyCount "38"]
[EventDate "2008.10.04"]
[EventType "tourn"]
[EventRounds "10"]
[EventCountry "HUN"]
[SourceTitle "EXT 2010"]
[Source "ChessBase"]
[SourceDate "2010.11.25"]
[SourceVersion "1"]
[SourceVersionDate "2010.11.25"]
[SourceQuality "1"]

1. d4 d5 2. c4 e6 3. Nc3 c6 4. Nf3 Be7 5. e3 Nf6 6. Bd3 0-0 7. 0-0 dxc4 8. Bxc4 Nd5 9. e4 Nb6 10. Bd3 Kh8 11. Bb1 c5 12. e5 Nd5 13. Qd3 g6 14. a3 cxd4 15. Nxd4 Bg5 16. f4 Bh6 17. Ne4 f5 18. Nc5 Re8 19. Ba2 Bg7 1/2-1/2

[Event "Budapest FS08 FM-C"]
[Site "Budapest"]
[Date "2008.08.11"]
[Round "2.5"]
[White "Dobos, Otto"]
[Black "Soikkeli, Raino"]
[Result "1/2-1/2"]
[WhiteElo "1852"]
[BlackElo "1738"]
[PlyCount "38"]
[EventDate "2008.08.02"]
[EventType "tourn"]
[EventRounds "10"]
[EventCountry "HUN"]
[SourceTitle "EXT 2011"]
[Source "ChessBase"]
[SourceDate "2010.11.26"]
[SourceVersion "1"]
[SourceVersionDate "2010.11.26"]
[SourceQuality "1"]

1. d4 b6 2. Bf4 Bb7 3. Nd2 f5 4. Ngf3 Nf6 5. e3 e6 6. h3 Be7 7. Be2 0-0 8. 0-0 Qe8 9. Bxc7 Nc6 10. Bh2 Qg6 11. Re1 Kh8 12. Bf1 Rac8 13. c3 d5 14. Rc1 Ne4 15. a3 Rfd8 16. c4 Bd6 17. Bxd6 Nxd6 18. cxd5 exd5 19. b4 Ne4 1/2-1/2

[Event "Budapest FS08 FM-C"]
[Site "Budapest"]
[Date "2008.08.10"]
[Round "2.4"]
[White "Mendege, Andras"]
[Black "Dobos, Otto"]
[Result "1/2-1/2"]
[WhiteElo "1876"]
[BlackElo "1852"]
[PlyCount "99"]
[EventDate "2008.08.02"]
[EventType "tourn"]
[EventRounds "10"]
[EventCountry "HUN"]
[SourceTitle "EXT 2011"]
[Source "ChessBase"]
[SourceDate "2010.11.26"]
[SourceVersion "1"]
[SourceVersionDate "2010.11.26"]
[SourceQuality "1"]

1. e4 e5 2. Nf3 d6 3. d4 exd4 4. Nxd4 Nf6 5. Nc3 Be7 6. f3 0-0 7. Be3 a6 8. Qd2 Nc6 9. 0-0-0 Nxd4 10. Bxd4 b5 11. Nd5 Nxd5 12. exd5 Bf6 13. Qc3 Bxd4 14. Qxd4 Qg5+ 15. Kb1 Bb7 16. f4 Qh5 17. g4 Qh4 18. Bd3 Rae8 19. c4 bxc4 20. Bxc4 Bc8 21. h3 Re7 22. Bd3 Rfe8 23. Rc1 a5 24. a3 Re3 25. Rxc7 Bxg4 26. f5 Re1+ 27. Rc1 Rxh1 28. Rxh1 Re1+ 29. Rxe1 Qxe1+ 30. Ka2 Bxh3 31. Qb6 f6 32. Qxd6 h5 33. Qe6+ Qxe6 34. dxe6 Kf8 35. Be4 g6 36. Kb3 gxf5 37. Bf3 Bg4 38. Bd5 Bd1+ 39. Kc3 a4 40. Kd2 Bg4 41. Ke3 Ke7 42. b3 f4+ 43. Kxf4 Bxe6 44. Bxe6 Kxe6 45. b4 Kd5 46. Kf3 f5 47. Kf4 h4 48. Kf3 Kd4 49. Kf2 Kd5 50. Kf3 1/2-1/2

[Event "Budapest FS08 FM-C"]
[Site "Budapest"]
[Date "2008.08.08"]
[Round "2.2"]
[White "Dobos, Otto"]
[Black "Mihajlova, Diana"]
[Result "1-0"]
[WhiteElo "1852"]
[BlackElo "1501"]
[PlyCount "68"]
[EventDate "2008.08.02"]
[EventType "tourn"]
[EventRounds "10"]
[EventCountry "HUN"]
[SourceTitle "EXT 2011"]
[Source "ChessBase"]
[SourceDate "2010.11.26"]
[SourceVersion "1"]
[SourceVersionDate "2010.11.26"]
[SourceQuality "1"]

1. d4 Nf6 2. Nf3 g6 3. c3 d6 4. Bf4 Bg7 5. e3 0-0 6. Bc4 Nbd7 7. 0-0 Nb6 8. Bb3 d5 9. h3 Ne4 10. Nbd2 Bf5 11. g4 Bc8 12. Nxe4 dxe4 13. Ng5 Nd5 14. Nxe4 f5 15. Nc5 b6 16. Nd3 e6 17. Bg3 fxg4 18. hxg4 Bb7 19. e4 Nf6 20. Bxe6+ Kh8 21. f3 Qe7 22. Bb3 Rae8 23. Qe2 Ba6 24. c4 Qd7 25. Bf2 Nxe4 26. fxe4 Bxd4 27. Kh2 Bxf2 28. Rxf2 Rxf2+ 29. Nxf2 Qd4 30. Kh3 Bc8 31. Rd1 Qf6 32. Rf1 g5 33. Kg2 h5 34. Qe3 Kg7 1-0

[Event "Budapest FS08 FM-C"]
[Site "Budapest"]
[Date "2008.08.06"]
[Round "1.5"]
[White "Soikkeli, Raino"]
[Black "Dobos, Otto"]
[Result "1/2-1/2"]
[WhiteElo "1738"]
[BlackElo "1852"]
[PlyCount "20"]
[EventDate "2008.08.02"]
[EventType "tourn"]
[EventRounds "10"]
[EventCountry "HUN"]
[SourceTitle "EXT 2011"]
[Source "ChessBase"]
[SourceDate "2010.11.26"]
[SourceVersion "1"]
[SourceVersionDate "2010.11.26"]
[SourceQuality "1"]

1. e4 e5 2. Nc3 Nc6 3. f4 d6 4. Nf3 Nf6 5. Bb5 exf4 6. 0-0 Bd7 7. d4 Be7 8. Bxf4 0-0 9. Qe1 a6 10. Bd3 Nb4 1/2-1/2

[Event "Budapest FS08 FM-C"]
[Site "Budapest"]
[Date "2008.08.03"]
[Round "1.2"]
[White "Mihajlova, Diana"]
[Black "Dobos, Otto"]
[Result "0-1"]
[WhiteElo "1501"]
[BlackElo "1852"]
[PlyCount "49"]
[EventDate "2008.08.02"]
[EventType "tourn"]
[EventRounds "10"]
[EventCountry "HUN"]
[SourceTitle "EXT 2011"]
[Source "ChessBase"]
[SourceDate "2010.11.26"]
[SourceVersion "1"]
[SourceVersionDate "2010.11.26"]
[SourceQuality "1"]

1. e4 e5 2. Nf3 d6 3. d4 exd4 4. Bc4 h6 5. c3 dxc3 6. Nxc3 c6 7. 0-0 Nf6 8. Qb3 Qe7 9. Re1 Be6 10. Bxe6 fxe6 11. e5 Nd5 12. exd6 Qd7 13. Nd4 Bxd6 14. Rxe6+ Kf7 15. Nxd5 cxd5 16. Qf3+ Kg8 17. Bf4 Bc5 18. Rae1 Nc6 19. Nf5 Rf8 20. Qg4 Rh7 21. Nxh6+ Rxh6 22. R1e2 Nd4 23. Bxh6 Nxe2+ 24. Qxe2 Rxf2 25. Qg4 0-1

[Event "Budapest FS07 FM-C"]
[Site "Budapest"]
[Date "2008.07.14"]
[Round "2.5"]
[White "Dobos, Otto"]
[Black "Vaarala, Eric"]
[Result "0-1"]
[WhiteElo "1852"]
[BlackElo "1765"]
[PlyCount "102"]
[EventDate "2008.07.05"]
[EventType "tourn"]
[EventRounds "10"]
[EventCountry "HUN"]
[SourceTitle "EXT 2011"]
[Source "ChessBase"]
[SourceDate "2010.11.26"]
[SourceVersion "1"]
[SourceVersionDate "2010.11.26"]
[SourceQuality "1"]

1. d4 c5 2. dxc5 e6 3. Nf3 Bxc5 4. c3 d5 5. e3 Nf6 6. Bd3 Nc6 7. 0-0 0-0 8. Bc2 Bd6 9. Re1 h6 10. Nbd2 Qc7 11. Nf1 Rd8 12. Nd4 a6 13. Ng3 Bxg3 14. fxg3 e5 15. Nxc6 bxc6 16. Qf3 Bg4 17. Qf2 Ne4 18. Bxe4 dxe4 19. h3 Be6 20. b3 Rd3 21. c4 Rad8 22. Kh2 Qa5 23. Rf1 Rxb3 24. axb3 Qxa1 25. Qc2 Rd3 26. Rg1 Qc3 27. Qa2 Qxb3 28. Qxa6 Qxc4 29. Qa8+ Kh7 30. Bb2 Qb5 31. Qa1 f6 32. Bc1 Qd5 33. Qa7 c5 34. Ba3 c4 35. Rb1 Rb3 36. Bf8 Qd7 37. Qa2 Qc8 38. Ba3 Qa6 39. Rxb3 cxb3 40. Qb2 Qd3 41. Qc1 Qe2 42. g4 Bc4 43. Kg1 h5 44. g5 f5 45. Bb2 f4 46. exf4 e3 47. fxe5 Qf2+ 48. Kh2 Bd5 49. Qg1 Qxb2 50. e6 Qe5+ 51. g3 Qb2+ 0-1

[Event "Budapest FS07 FM-C"]
[Site "Budapest"]
[Date "2008.07.09"]
[Round "1.5"]
[White "Vaarala, Eric"]
[Black "Dobos, Otto"]
[Result "1/2-1/2"]
[WhiteElo "1765"]
[BlackElo "1852"]
[PlyCount "40"]
[EventDate "2008.07.05"]
[EventType "tourn"]
[EventRounds "10"]
[EventCountry "HUN"]
[SourceTitle "EXT 2011"]
[Source "ChessBase"]
[SourceDate "2010.11.26"]
[SourceVersion "1"]
[SourceVersionDate "2010.11.26"]
[SourceQuality "1"]

1. e4 e5 2. Nf3 d6 3. d4 exd4 4. Nxd4 Nf6 5. Nc3 Be7 6. Bc4 0-0 7. Bb3 Nbd7 8. 0-0 Nc5 9. Re1 Nxb3 10. axb3 a6 11. Qf3 Re8 12. Bg5 h6 13. Bh4 Bg4 14. Qd3 Nd7 15. Bxe7 Rxe7 16. Qg3 Be6 17. Nd5 Re8 18. Nf5 Bxf5 19. exf5 Rc8 20. f4 Kh8 1/2-1/2

[Event "Budapest FS05 FM-B"]
[Site "Budapest"]
[Date "2008.05.03"]
[Round "10"]
[White "Mihajlova, Diana"]
[Black "Dobos, Otto"]
[Result "0-1"]
[WhiteElo "1623"]
[BlackElo "1843"]
[PlyCount "56"]
[EventDate "2008.05.03"]
[EventType "tourn"]
[EventRounds "10"]
[EventCountry "HUN"]
[SourceTitle "CBM 124 Extra"]
[Source "ChessBase"]
[SourceDate "2008.07.03"]
[SourceVersion "1"]
[SourceVersionDate "2008.07.03"]
[SourceQuality "1"]

1. e4 e5 2. Nf3 d6 3. d4 exd4 4. Qxd4 Nc6 5. Bb5 Bd7 6. Bxc6 Bxc6 7. Bg5 f6 8. Bh4 Ne7 9. Nc3 Ng6 10. Bg3 Be7 11. Nd5 0-0 12. Nxe7+ Qxe7 13. 0-0 Qxe4 14. Qc3 Nf4 15. Bxf4 Qxf4 16. Nd4 Qe4 17. f3 Qd5 18. Rfe1 Rfe8 19. Red1 Re7 20. Nxc6 Qxc6 21. Qb3+ Kf8 22. Rd3 Rae8 23. Kf1 Qa6 24. c4 Qa5 25. Rc3 Qh5 26. h3 Qh4 27. Kg1 Qg3 28. Rcc1 Re2 0-1

[Event "Budapest FS04 FM-B"]
[Site "Budapest"]
[Date "2008.04.13"]
[Round "9"]
[White "Dobos, Otto"]
[Black "Mihajlova, Diana"]
[Result "1-0"]
[WhiteElo "1843"]
[BlackElo "1623"]
[PlyCount "69"]
[EventDate "2008.04.05"]
[EventType "tourn"]
[EventRounds "10"]
[EventCountry "HUN"]
[SourceTitle "CBM 123 Extra"]
[Source "ChessBase"]
[SourceDate "2008.05.06"]
[SourceVersion "1"]
[SourceVersionDate "2008.05.06"]
[SourceQuality "1"]

1. d4 f5 2. Bf4 Nf6 3. e3 d5 4. Nf3 Nbd7 5. Ng5 Nb6 6. Bb5+ c6 7. Bd3 e6 8. Nf3 Nbd7 9. h3 Ne4 10. c3 Ndf6 11. 0-0 g6 12. Be5 Bh6 13. Qe2 0-0 14. a4 Nd7 15. Bh2 f4 16. exf4 Bxf4 17. Bxe4 Bxh2+ 18. Nxh2 dxe4 19. Qxe4 Nf6 20. Qe5 Nh5 21. Nd2 Rf5 22. Qe3 e5 23. Ndf3 Nf4 24. dxe5 Qf8 25. Ng4 Kh8 26. Nf6 Qh6 27. Rfd1 Be6 28. h4 Nh3+ 29. Kf1 Bc4+ 30. Ke1 Qxe3+ 31. fxe3 g5 32. Rd7 Bg8 33. Rad1 gxh4 34. Rd8 Rxf6 35. exf6 1-0

[Event "Budapest FS03 FM-B"]
[Site "Budapest"]
[Date "2008.03.05"]
[Round "5"]
[White "Dobos, Otto"]
[Black "Kantor, Reka"]
[Result "0-1"]
[WhiteElo "1866"]
[BlackElo "1761"]
[PlyCount "34"]
[EventDate "2008.03.01"]
[EventType "tourn"]
[EventRounds "10"]
[EventCountry "HUN"]
[SourceTitle "CBM 123 Extra"]
[Source "ChessBase"]
[SourceDate "2008.05.06"]
[SourceVersion "1"]
[SourceVersionDate "2008.05.06"]
[SourceQuality "1"]

1. d4 Nf6 2. Nf3 g6 3. Bf4 Bg7 4. h3 0-0 5. e3 d6 6. c3 c5 7. Nbd2 cxd4 8. exd4 Nc6 9. Be2 e5 10. dxe5 dxe5 11. Nxe5 Nd5 12. Nxc6 bxc6 13. Bg3 Re8 14. Kf1 Bxc3 15. Bf3 Bxd2 16. Qxd2 Ne3+ 17. Ke1 Nc4+ 0-1

[Event "Budapest FS03 FM-B"]
[Site "Budapest"]
[Date "2008.03.01"]
[Round "1"]
[White "Hamane, Kenichi"]
[Black "Dobos, Otto"]
[Result "1/2-1/2"]
[WhiteElo "1951"]
[BlackElo "1866"]
[PlyCount "102"]
[EventDate "2008.03.01"]
[EventType "tourn"]
[EventRounds "10"]
[EventCountry "HUN"]
[SourceTitle "CBM 123 Extra"]
[Source "ChessBase"]
[SourceDate "2008.05.06"]
[SourceVersion "1"]
[SourceVersionDate "2008.05.06"]
[SourceQuality "1"]

1. d4 d5 2. c4 c6 3. Nf3 Nf6 4. e3 Bg4 5. Nc3 e6 6. Bd3 Bd6 7. 0-0 0-0 8. b3 Nbd7 9. e4 dxe4 10. Nxe4 Nxe4 11. Bxe4 Bxf3 12. Qxf3 f5 13. Bc2 Qh4 14. g3 Qxd4 15. Be3 Ne5 16. Qe2 Qg4 17. f3 Qh5 18. Bf4 Bc5+ 19. Kh1 Nd7 20. Qxe6+ Qf7 21. Bxf5 Bd4 22. Qxd7 Qxd7 23. Bxd7 Bxa1 24. Rxa1 h6 25. h4 Rad8 26. Bg4 Rfe8 27. c5 Re2 28. Bd6 Rde8 29. a4 Rb2 30. f4 Rxb3 31. Kh2 Re4 32. Be5 Rbb4 33. Rd1 Rxe5 34. Rd8+ Kf7 35. fxe5 Rxg4 36. Rd7+ Ke6 37. Rxb7 Rxa4 38. Rxg7 Kxe5 39. Rg6 Kd5 40. Rxh6 Kxc5 41. Rh8 Kd5 42. h5 Ke5 43. Rf8 c5 44. h6 Ra6 45. Rh8 Kf5 46. Kg2 Kg6 47. g4 c4 48. g5 c3 49. Rg8+ Kh7 50. Rg7+ Kh8 51. Rc7 Rg6 1/2-1/2